| 000 | 00645cab a2200217 4500 | ||
|---|---|---|---|
| 001 | WB2818-02 | ||
| 008 | 090401t1992 xxu||||| |||| 00| 0 eng d | ||
| 035 | _a(Sirsi) u539 | ||
| 041 | _aeng | ||
| 245 | _aHouse of 100 faults | ||
| 260 | _c1992 | ||
| 350 | _a0 | ||
| 490 |
_aTimes _v1 May 1992, 3(1) |
||
| 520 | _aThe NHBC has awarded a homeowner £89,200 to help rectify more than 100 building defects which occurred shortly after the owner moved into his new home. | ||
| 650 | _aBUILDING DEFECTS | ||
| 650 | _aNHBC | ||
| 650 | _aTEN YEAR WARRANTY | ||
| 690 | _aBUILT ENVIRONMENT-BUILDING PATHOLOGY | ||
| 942 | _n0 | ||
| 948 | _c04/03/1997 | ||
| 999 |
_c249 _d249 |
||